Análisis del grado de separabilidad -"separability"- en el procesamiento con sensores remotos /

Guardado en:
Autor Principal: Luque, Jorge Alfredo.
Formato: Libro
Idioma:Spanish
Publicado: Bahía Blanca : Universidad Nacional del Sur. Departamento de Ciencias Agrarias, 1982.
Series:Laboratorio de Hidrología y Sensores Remotos, publicación, 9
Etiquetas: Agregar Etiqueta
Sin Etiquetas, Sea el primero en etiquetar este registro!
LEADER 00625nam a22001455a 4500
001 EUN.um041505
008 041125s1982####ag#a##########000#0#spa#d
005 20090408115337.0
245 1 0 |a Análisis del grado de separabilidad -"separability"- en el procesamiento con sensores remotos /  |c Jorge A. Luque. 
260 |a Bahía Blanca :  |b Universidad Nacional del Sur. Departamento de Ciencias Agrarias,  |c 1982. 
300 |a 11 p. :  |b ilus. ;  |c 28 cm.. 
490 0 |a Laboratorio de Hidrología y Sensores Remotos, publicación, 9 
100 1 |a Luque, Jorge Alfredo. 
082 0 4 |a 778.3 
859 |a Ar-BaUNS  |b BIB. CENTRAL - Sector C  |h 778.3  |i L974-4  |p 88965/982